| 000 | 00865cab a2200253 4500 | ||
|---|---|---|---|
| 001 | ABS58733 | ||
| 008 | 090401t1998 xxu||||| |||| 00| 0 eng d | ||
| 035 | _a(Sirsi) u86454 | ||
| 041 | _aeng | ||
| 100 | _aPawlowski, M. | ||
| 245 | _aBusiness occupation under Part II | ||
| 260 | _c1998 | ||
| 350 | _a0 | ||
| 490 |
_aRent Review & Lease Renewal _v18(2) 1998, 119-129(11) |
||
| 520 | _aProvides a review of the meaning under the Landlord and Tenant Act 1954 Part II of the terms `business`, `mixed business and residential use`, `occupation through third parties`, and `subletting to underlessee`. | ||
| 650 | _aBUSINESS TENANCIES | ||
| 650 | _aLANDLORD AND TENANT ACT 1954 PART II | ||
| 650 | _aMIXED USE | ||
| 650 | _aSUB-LETTING | ||
| 650 | _aUNDERLEASE | ||
| 690 | _aLANDLORD AND TENANT-BUSINESS TENANCIES | ||
| 942 | _n0 | ||
| 948 | _c28/05/1998 | ||
| 999 |
_c54418 _d54418 |
||